LEADER 01142nam a2200253 i 4500 001 000000187016 003 CaOOAMICUS 005 20100309000000.0 008 100309s1983 it u000 u ita u 013 $a165073 040 $aSeMil$bita 100 1 $aAtzori, Mario.$0(OLS)http://semarc/name/68635 245 10$aCredenze e riti magici in Sardegna :$bdalla religione alla magia /$cMario Atzori, Maria Margherita Satta. 250 $a2. ed. 260 $aSassari :$bChiarella,$c1983. 300 $a230 p., [8] p. di tav. :$bill. ;$c22 cm. 650 4$aSardegna - Storia religiosa.$0(OLS)http://semarc/subject/6464 650 4$aSuperstizione - Sardegna.$0(OLS)http://semarc/subject/35237 650 4$aReligiosità popolare - Sardegna.$0(OLS)http://semarc/subject/35251 700 1 $aSatta, Maria Margherita.$0(OLS)http://semarc/name/68636 850 $aSeMil 852 $aSeMil$W1$xVenegono$y1$m2X II 316$j137703$B137703$CSeMilBibl$Z2$F149215 $81 996 $6245$aCredenze e riti magici in Sardegna :$bdalla religione alla magia$9(OLS)http://semarc/title/268993 996 $6260$aSassari :$bChiarella$9(OLS)http://semarc/publisher/41351 LEADER 00936nam a2200241 i 4500 001 000000124651 003 CaOOAMICUS 005 20180321000000.0 008 180321s1958 it u000 u ita u 013 $a97348 040 $aSeMil$bita 100 1 $aMorando, Dante <1908-1959>.$0(OLS)http://semarc/name/9669 245 10$aAntonio Rosmini /$cDante Morando. 260 $aBrescia :$bLa Scuola,$c1958. 300 $a190 p. ;19 cm. 490 0 $aPedagogisti ed educatori ;$v7 600 14$aRosmini Serbati, Antonio .$0(OLS)http://semarc/subject/791 830 0$aPedagogisti ed educatori ;$v7.$0(OLS)http://semarc/title/10363 850 $aSeMil 852 $aSeMil$W1$xVenegono$y1$m2Q II 496$j79189$B79189$CSeMilBibl$Z2$F81469 $81 961 $aRecupero: Seminario di Seveso 996 $6245$aAntonio Rosmini$9(OLS)http://semarc/title/113679 996 $6260$aBrescia :$bLa Scuola$9(OLS)http://semarc/publisher/29831